00970 2200313 4500001002100000005001500021035002000036007000300056008004100059020002200100040002200122082001400144084001600158090002200174100002800196245008400224250003600308300005100344650003000395700003400425850001200459504002500471264004200496336002100538337003000559338002300589999002200612990002200634INLIS00000000089560720250428031859 a0010-0425000856ta250428s2025 yoi g ind d a978-634-7106-21-6 aYOPDYOGbinderda04223a338.9 a338.9 ILY b aCB-D.11 2025-05260 aIlyasi, Ach.ePengarang10aBuku ajar perencanaan pembangunan /cAch. Ilyasi; Penyunting, Hamdil Mukhlishin aCetakan pertama : Februari 2025 ax, 226 halaman :btidak ada ilustrasi ;c23 cm 4aPembangunan berkelanjutan0 aHamdil MukhlishinePenyunting aYOPDYOG aTermasuk bibliografi34aBantul :bMitra edukasi negeri,c2025 2rdacontentateks 2rdamediaatanpa perantara 2rdacarrieravolume aCB-D.11/2025-0526 aCB-D.11/2025-0526